Missing Word: 19th Century British Novels Quiz Stats

Quiz Updated Jul 14, 2016

Challenge
Share
Tweet
Embed
Score 0/20 Timer 04:00
0 Plays Today
Book Title and Author Missing Word % Correct
_____ and Prejudice (Jane Austen)Pride
99.7%
Strange Case of Dr Jekyll and Mr ____ (R. L. Stevenson)Hyde
97%
Jane ____ (Charlotte Brontë)Eyre
96.2%
The ___ of the Worlds (H.G. Wells)War
95.3%
_________ Heights (Emily Brontë)Wuthering
95.2%
The ______ Book (Rudyard Kipling)Jungle
90.7%
_____ Men In A Boat (Jerome K. Jerome)Three
87.1%
______ Fair (William Makepeace Thackeray)Vanity
79.7%
Heart of ________ (Joseph Conrad)Darkness
74.3%
_____ House (Charles Dickens)Bleak
73.4%
Book Title and Author Missing Word % Correct
Far From The _______ Crowd (Thomas Hardy)Madding
72.2%
The Woman in _____ (Wilkie Collins)White
69.3%
Portrait of a ____ (Henry James)Lady
58.6%
A Study in _______ (Arthur Conan Doyle)Scarlet
56.8%
The ______ of Wildfell Hall (Anne Brontë)Tenant
34.3%
_____ and Daughters (Elizabeth Gaskell)Wives
32.9%
______ Deronda (George Eliot)Daniel
29.9%
The _____ of Midlothian (Walter Scott) Heart
27.7%
__________ Towers (Anthony Trollope)Barchester
18.1%
Diary of a ______ (George & Weedon Grossmith)Nobody
15.9%

Today's Daily Dose

You're not logged in!

Compare scores with friends on all Sporcle quizzes.
Join for Free
OR
Log In

You Might Also Like...

Show Comments

Extras

Top Quizzes Today


Score Distribution

Your Account Isn't Verified!

In order to create a playlist on Sporcle, you need to verify the email address you used during registration. Go to your Sporcle Settings to finish the process.

Report this User

Report this user for behavior that violates our Community Guidelines.

Details: